000 00471nam a2200145Ia 4500
008 230917s9999||||xx |||||||||||||| ||und||
040 _e166069
_aMAIN
041 _aEnglish
082 _a891.43152109 BH122:JJ
100 _aजोशी, जीवनप्रकाश
245 0 _aबच्चनः व्यक्तितत्व और कवित्व
260 _aदिल्ली
_bसन्मार्ग
_c1968
300 _a223पृ. p.
942 _cHN
999 _c47526
_d47526